Loading...
History - European History | 1 | 3 | 0 | 0 | 45 | 18 | 83.00 | 1 | 4 |
History - World History | 1 | 2 | 0 | 1 | 35 | 46 | 89.33 | 1 | 3 |
British and Commonwealth History | 0 | 3 | 0 | 1 | 30 | 104 | 119.00 | 0 | 3 |
Ancient History and Archaeology | 0 | 3 | 1 | 0 | 25 | 83 | 89.00 | 2 | 3 |
Philosophy | 0 | 2 | 0 | 1 | 20 | 122 | 122.50 | 0 | 2 |
Fine Arts - Visual Fine Arts | 0 | 2 | 0 | 0 | 20 | 134 | 139.00 | 0 | 2 |
Geography | 0 | 2 | 1 | 1 | 15 | 120 | 129.00 | 0 | 2 |
World and Other Literature | 0 | 1 | 0 | 0 | 10 | 157 | 157.00 | 0 | 1 |
Fine Arts - Auditory Fine Arts | 0 | 1 | 0 | 0 | 10 | 123 | 123.00 | 0 | 1 |
History - American History | 1 | 0 | 1 | 0 | 10 | 49 | 49.00 | 1 | 1 |
Literature - American Literature | 0 | 1 | 0 | 0 | 10 | 137 | 137.00 | 0 | 1 |
Other Academic | 0 | 1 | 0 | 1 | 10 | 138 | 138.00 | 0 | 1 |
Other Science: Math | 0 | 1 | 0 | 0 | 10 | 151 | 151.00 | 0 | 1 |
Science - Biology | 0 | 1 | 0 | 0 | 10 | 103 | 103.00 | 0 | 1 |
Science - Chemistry | 0 | 1 | 0 | 1 | 10 | 131 | 131.00 | 0 | 1 |
Social Science | 0 | 1 | 0 | 1 | 10 | 124 | 124.00 | 0 | 1 |
Literature - British Literature | 0 | 1 | 1 | 0 | 5 | 143 | 143.00 | 0 | 1 |
Beliefs | 0 | 2 | 3 | 2 | 5 | 130 | 135.50 | 0 | 2 |
Science - Physics | 0 | 0 | 0 | 0 | 0 | 0.00 | 0 | 0 | |
Other Arts: Visual | 0 | 0 | 0 | 0 | 0 | 0.00 | 0 | 0 | |
Current Events | 0 | 0 | 1 | 0 | -5 | 0.00 | 0 | 0 | |
Chemistry> | 0 | 0 | 1 | 0 | -5 | 0.00 | 0 | 0 |